Größte Gemeinde nach Fläche jedes Bezirks Österreichs - Statistiken

Allgemein
  • Dieses Quiz wurde 87 mal gespielt
  • Das Durchschnittsergebnis liegt bei 30 aus 94
Antworten auf der Karte
Die Antworten werden auf der Karte rot bzw. grün angezeigt, abhängig davon wie oft sie richtig erraten wurden.
 
Antwortstatistiken
Fläche Bz. Gemeinde % Korrekt
415 km² W Wien
86%
105 km² I Innsbruck
84%
96.0 km² L Linz
79%
128 km² G Graz
77%
65.7 km² S Salzburg
77%
135 km² VI Villach
74%
120 km² K Klagenfurt am Wörthersee
72%
121 km² DO Dornbirn
70%
42.9 km² E Eisenstadt
70%
108 km² P St. Pölten
70%
51.7 km² KS Krems an der Donau
67%
467 km² IM Sölden
65%
45.9 km² WE Wels
65%
60.9 km² WN Wiener Neustadt
65%
414 km² BM Mariazell
63%
20.0 km² Rust Rust
63%
26.6 km² SR Steyr
63%
278 km² WO Wolfsberg
58%
205 km² HE Hermagor-Pressegger See
53%
171 km² JO Bad Gastein
51%
132 km² WY Waidhofen an der Ybbs
51%
256 km² ZT Zwettl-NÖ
51%
187 km² HA Abtenau
49%
262 km² SP Malta
49%
230 km² GM Grünau im Almtal
47%
278 km² LZ Matrei in Osttirol
47%
253 km² ZE Rauris
44%
101 km² RE Reutte
44%
257 km² MU Stadl-Predlitz
44%
131 km² TA Zederhaus
42%
179 km² DL Deutschlandsberg
40%
249 km² IL Neustift im Stubaital
40%
194 km² LA Kaunertal
37%
96.8 km² B Mittelberg
37%
224 km² SE Weyer
37%
196 km² SZ Eben am Achensee
35%
152 km² HL Hollabrunn
35%
191 km² KI Molln
35%
98.7 km² SL St. Gilgen
35%
300 km² LI Admont
33%
244 km² SB Gaming
33%
131 km² MI Mistelbach
33%
177 km² BZ Gaschurn
30%
126 km² AM Hollenstein an der Ybbs
30%
58.1 km² BR Lengau
30%
271 km² MT Pölstal
30%
199 km² VK Eisenkappel-Vellach
28%
43.8 km² FK Laterns
28%
223 km² SV Metnitz
28%
58.1 km² GS Tobaj
28%
82.4 km² GD Bad Großpertholz
26%
167 km² KB Hopfgarten im Brixental
26%
117 km² KL Ferlach
23%
28.2 km² MA Mattersburg
23%
68.7 km² BN Alland
21%
76.3 km² FR Liebenau
21%
106 km² VL Paternion
21%
114 km² FE Reichenau
21%
144 km² LE Trofaiach
21%
91.9 km² ND Illmitz
19%
130 km² KU Brandenberg
16%
47.6 km² BL Himberg
16%
76.2 km² TU Klosterneuburg
16%
135 km² WT Raabs an der Thaya
16%
42.6 km² EF Alkoven
14%
87.1 km² SO Fehring
12%
80.7 km² KR Gföhl
12%
52.2 km² EU Oggau am Neusiedler See
12%
88.2 km² HF Pöllau
12%
53.6 km² PE St. Georgen am Walde
12%
154 km² GU Frohnleiten
9%
75.6 km² LB Leutschach an der Weinstraße
9%
190 km² NK Schwarzau im Gebirge
9%
185 km² LF St. Aegyd am Neuwalde
9%
44.2 km² LL St. Florian
9%
43.0 km² JE St. Martin an der Raab
9%
63.5 km² UU Vorderweißenbach
9%
48.2 km² MD Wienerwald
9%
89.7 km² WZ Birkfeld
7%
40.4 km² RI Eberschwang
7%
80.7 km² KO Ernstbrunn
7%
104 km² WB Gutenstein
7%
56.9 km² RO Ulrichsberg
7%
88.7 km² GF Zistersdorf
7%
40.6 km² GR Gaspoltshofen
5%
58.9 km² OP Lockenhaus
5%
104 km² VO Maria Lankowitz
5%
44.4 km² OW Oberschützen
5%
58.9 km² ME Pöggstall
5%
66.8 km² PL Pyhra
5%
40.3 km² SD Esternberg
2%
36.2 km² WL Gunskirchen
2%
61.8 km² VB Steinbach am Attersee
2%
87.2 km² HO Weitersfeld
2%
Keine übereinstimmenden Quizze gefunden
Verteilung der Resultate
Anzahl Personen mit jedem Resultat
Perzentil nach korrekt beantworteten Fragen
Ihre Resultats-Entwicklung
Sie haben dieses Quiz noch nicht gespielt